| 000 | 00606cam a2200193 i 4500 | ||
|---|---|---|---|
| 005 | 20251108164059.0 | ||
| 008 | 250721s1997 su gr 000 0 ara d | ||
| 020 | _a9960718123 | ||
| 082 | 1 | 4 |
_a155.35 _bس ا م |
| 100 | 1 |
_aسلمان، سامي تيسير _eمؤلف. |
|
| 245 | 1 | 0 |
_aالإبداع / _cسامي تيسير سلمان. |
| 250 | _aالطبعة الأولى. | ||
| 264 | 1 |
_aالرياض : _bالمؤتمن للنشر والتوزيع، _c1997. |
|
| 300 | _a49 صفحة. | ||
| 650 | 1 | 7 | _aالإبداع. |
| 650 | 1 | 7 | _aالقيادة. |
| 942 |
_2ddc _cBK |
||
| 999 |
_c3094 _d3094 |
||